00724cam a2200217Ia 450000500170000000800410001702000150005802000180007304000500009104100080014110000170014924500640016626000440023030000420027449000210031649000270033765000360036465000340040065000340043470000380046820180312142009.0140422s1994 ag a gr 000 j spa d a9507371672 a9789507371677 aCO-BoUCMbspacJose A. GerenadJose A. Gerena aspa1 aBasch, Adela10aTodo en trencAdela Basch ; dibujos de Adriana López Deus aBuenos Aires (Argentina)bCoquenac1994 a[18] páginasbilustraciones a color0 aLetras de cambio0 aLibros del Quirquincho 7aCuentos ilustrados para niños 7aLibros y lectura para niños 7aLiteratura infantil argentina1 aLópez Deus, Adrianaeilustrador